00609nam a2200181 a 450000100100000000500170001000800410002702000150006804000250008324500500010826000630015830000280022149000200024983000270026904900090029695201050030599900170041000003407220200930070741.0110923s2001 cl 000 0 spa d a958904171x aDO-SdBNPbspacBNPHU00aLugares ajenos :brelatos del desplazamiento. aMedellín :bb Fondo Editorial, Universidad EAFIT,c2001. a180 p. :bil. ;c23 cm.1 aAntorcha y daga 0aAntorcha y daga959501 aBNPD 001050718MOaGRbGRcCTd2011-09-23iLF1l0o p34072-10r2020-06-25w2020-06-25y1ZNo se presta c33563d33563